[Event "World-ch Carlsen-Caruana"]
[Site "London"]
[Date "2018.11.16"]
[Round "6"]
[White "Carlsen, Magnus"]
[Black "Caruana, Fabiano"]
[Result "1/2-1/2"]
[WhiteElo "2835"]
[BlackElo "2832"]
[Annotator "Grivas,Efstratios"]
[PlyCount "160"]
[EventDate "2018.11.09"]
[EventType "match"]
[EventRounds "12"]
[EventCountry "GBR"]
[SourceTitle "CBM 187"]
[Source "ChessBase"]
[SourceDate "2018.12.11"]
[SourceVersion "1"]
[SourceVersionDate "2018.12.11"]
[SourceQuality "1"]

1. e4 {So, the WC seems quite unpredictable! In game 2 he chose 1.d4, in game 3 1.c4 and now 1.e4!} e5 2. Nf3 Nf6 {Nothing less to be expected by the Challenger - he has made his living by the 'Petroff Defence'!} 3. Nxe5 d6 {(D) [#]} 4. Nd3 ({A quite unusual line. Their most recent game went} 4. Nf3 Nxe4 5. Nc3 Nxc3 6. dxc3 Be7 7. Be3 Nc6 8. Bc4 O-O 9. Qd2 Bf5 10. O-O-O Qd7 11. Kb1 Rfe8 12. h4 Bf8 13. h5 h6 14. Be2 Bg4 15. Nh2 Bxe2 16. Qxe2 Ne5 17. Bc1 Qc6 18. f4 Nc4 19. Qd3 Qe4 20. g4 Ne3 21. Rde1 Qxd3 22. cxd3 Nd5 23. Reg1 Re6 24. g5 Ne7 25. gxh6 Rxh6 26. f5 Rh7 27. Ng4 Kh8 28. f6 Ng8 29. fxg7+ Rxg7 30. Be3 c5 31. Bf4 Re8 32. Ne3 Rxg1+ 33. Rxg1 Re6 {½-½ Carlsen,M-Caruana,F Saint Louis 2018. But it was expected that M.Carlsen will come with something new, but not that early... I would say that M.Carlsen is more interesting to his physical strength and stamina than to try to get something in the opening from his very well-prepared opponent…}) 4... Nxe4 5. Qe2 Qe7 {(D) [#]} 6. Nf4 ({Another rare line chosen by the WC. There are quite a few games with} 6. Nc3 Nf6 7. Nf4 (7. b3 Nc6 8. Bb2 Bf5 9. Nf4 O-O-O 10. Qxe7 Nxe7 11. O-O-O Ng6 $11 {So, W-Caruana,F Saint Louis 2018}) 7... c6 8. f3 g5 9. Nd3 $11 {Ganguly,S-Abasov,N Ulaanbaatar 2018.}) 6... Nc6 (6... Nf6 {seems also safe:} 7. d4 Qxe2+ 8. Bxe2 Nc6 9. c3 g6 10. f3 Bg7 11. h4 h5 12. Na3 Ne7 13. Nb5 Kd8 14. Kf2 a6 $11 {Motylev,A-Rakhmanov,A Yaroslavl 2018.}) 7. Nd5 Nd4 $1 8. Nxe7 Nxe2 9. Nd5 (9. Bxe2 Bxe7 {promises nothing to both sides!}) 9... Nd4 {(D) [#]} 10. Na3 ({A novelty upon} 10. Bd3 Nc5 $1 (10... Nxf2 $2 11. Kxf2 Kd8 12. b3 $18 {Seyb, A-Gaier,R Willingen 2001}) 11. Nxc7+ Kd7 12. Nxa8 Nxd3+ 13. cxd3 Nc2+ 14. Kd1 Nxa1 $13 {.}) 10... Ne6 11. f3 N4c5 12. d4 Nd7 13. c3 c6 14. Nf4 Nb6 {(D) [#] Black seems to have solved with success all his opening 'problems', for the sixth time in 6 games in this match! Probably all seconds of both players should be sent on vacation, as they do not really seem to be needed! It is the first WC that I am following, without any strong 'feelings' in the opening phase! Well, this is a well-known pawn structure, mainly coming from the ‘Exchange Variation’ of the ‘French Defence’ (1.e4 e6 2.d4 d5 3.exd5 exd5). There is a clear drawn tendency, mainly because there are not many good pawn breaks and as some pieces can rapidly be exchanged, there is not much play left. But of course we must keep I mind that an equal position is not necessary a drawn one; mistakes need to be made and explored in order to have a decisive result. And this can happen in any position…} 15. Bd3 d5 16. Nc2 Bd6 17. Nxe6 Bxe6 18. Kf2 {(D) [#]} h5 ({A good reaction. White could be slightly better after} 18... f5 $6 19. Re1 Kf7 20. g3 Rhe8 21. b3 g6 22. Ne3 $14 {.}) 19. h4 Nc8 {Planning the simple ...Ne7 and ...Bf5, with full equality.} 20. Ne3 Ne7 21. g3 {(D) [#]} c5 $1 {Active and good play by Black.} 22. Bc2 $146 (22. dxc5 Bxc5 23. Kg2 d4 24. cxd4 Bxd4 {, is fine for Black.}) ({RR} 22. dxc5 Bxc5 23. Kg2 d4 24. cxd4 Bxd4 25. Nc2 Bf6 26. Bg5 Bxg5 27. hxg5 O-O-O 28. Ne1 Nc6 29. a3 Ne5 30. Rc1+ Kb8 31. Rc3 Rd6 32. Rh4 Rhd8 33. Be2 Rd2 34. Kf1 g6 35. Re4 Nc6 36. Nd3 Bf5 {Burg,T (2526)-Seo,J (2409) Lund 2019 1-0 (75)}) 22... O-O 23. Rd1 Rfd8 24. Ng2 cxd4 25. cxd4 Rac8 26. Bb3 Nc6 {Again a fine idea, trying to harass the b3-bishop.} 27. Bf4 Na5 28. Rdc1 {White is dreaming of getting a better ending with the knight vs the e6-bishop, but Black of course is not interested!} Bb4 $1 {Preserving the dark-squared bishops is essential.} 29. Bd1 ({White cannot go for} 29. Bc7 Nxb3 30. axb3 Re8 31. Rxa7 Bd6 32. Rxb7 Re7 33. Bxd6 Rxb7 34. Rxc8+ Bxc8 35. b4 Rd7 36. Bc5 Ba6 {, as only Black can have winning chances here.}) 29... Nc4 30. b3 Na3 31. Rxc8 Rxc8 32. Rc1 Nb5 33. Rxc8+ Bxc8 {(D) [#] The position seems to be dead equal, but from now on M.Carlsen is not at his best...} 34. Ne3 $6 ({Troubles start! Good is} 34. Bb8 a6 35. Nf4 $11 {.}) 34... Nc3 35. Bc2 {(D) [#]} Ba3 $1 {White's queenside pawn structure seems to be in trouble...} 36. Bb8 $6 ({Black seems to be doing good after} 36. Bd3 Be6 (36... Nxa2 $6 37. Nxd5 Nb4 38. Nxb4 Bxb4 39. Ke2 $11) 37. Nc2 Bb2 38. a4 Na2 $15 {.}) 36... a6 37. f4 {(D) [#]} Bd7 $1 38. f5 Bc6 ({Obviously better than} 38... Nb5 $6 39. Nxd5 Nxd4 40. Bd1 $11 {.}) 39. Bd1 Bb2 ({With hindsight I would have gone for an ending with the bishop pair after} 39... Nxd1+ 40. Nxd1 f6 $15 {. Well, the presence of the central pawns is not helping Black, but White will have to defend accurately. But Black's move is stronger.}) 40. Bxh5 {(D) [#]} Ne4+ $2 ({The notorious 40th move!} 40... Nxa2 $1 {can be dangerous:} 41. Ba7 Nc3 42. Bb6 Nb5 43. Nc2 Nd6 $1 (43... Bd7 $2 44. Bg4 Nd6 45. Ne3 Nc8 46. Bc7 Bxd4 47. Bf3 Bxf5 48. Bxd5 b5 49. Bb7 Bg4 50. Bxa6 Ne7 51. Be5 Ba7 52. Bb7 Nf5 53. Bf4 $11) 44. Bf3 (44. g4 Ne4+ 45. Ke2 Nf6 $17) 44... Nxf5 45. Bg4 Nd6 46. Nb4 Ne4+ $17 {.}) 41. Kg2 Bxd4 42. Bf4 Bc5 {(D) [#] Black still seems to be doing better, but White finds a radical, and quite far from obvious, solution.} 43. Bf3 $1 Nd2 {(D) [#]} 44. Bxd5 $1 ({An incredible solution to White's problems. Endless suffering is the passive} 44. Nf1 Nxf3 45. Kxf3 d4+ 46. Ke2 Bb5+ 47. Ke1 Bd3 $15 {. For me it is more than obvious that M.Carlsen's extreme and deep knowledge on various endings is the key point here - how else can you make such a radical decision?}) 44... Bxe3 45. Bxc6 Bxf4 46. Bxb7 Bd6 47. Bxa6 Ne4 {(D) [#] A consequence of forced moves after White's 44th.} 48. g4 {(D) [#]} (48. Kf3 Nxg3 49. Bd3 Nh5 50. a4 Bb4 51. Ke4 {is another great story! The analysis is extremely difficult and in general I would say that White should hold here, but I can be proven wrong by some powerful engine!}) 48... Ba3 $1 {The only move - Black's wins one of the two connected white queenside pawns.} 49. Bc4 Kf8 50. g5 Nc3 51. b4 $1 {It is important to retain an as far as possible outside pawn.} Bxb4 52. Kf3 Na4 53. Bb5 Nc5 54. a4 {(D) [#] So, White has just two pawns for the piece and he doesn't seem able to make any progress. But can Black win? And if yes, how? He will obviously need his king to capture the white a-pawn, but in the meantime White will exchange the kingside pawns. I think that White can hold.} f6 55. Kg4 $1 {The white king has to stay on the kingside, protecting his pawns.} Ne4 56. Kh5 Be1 57. Bd3 Nd6 {White can also wait here - I cannot see how Black will radically improve, but M.Carlsen creates with his next a marvelous position - the straightest way to gain a fortress! This kind of thinking is of a legend player!} 58. a5 $1 Bxa5 59. gxf6 gxf6 60. Kg6 Bd8 61. Kh7 $1 {(D) [#] A very nice position for White! Some facts to understand it: 1) The white h-pawn shouldn’t move to h6. 2) The white king should be able to be retained to g6- and h7-squares. 3) The white bishop should be able to check the black king if he goes to f7. 4) Black can win if his king enters the h8- or f7-squares.} Nf7 62. Bc4 Ne5 63. Bd5 Ba5 64. h5 Bd2 65. Ba2 Nf3 66. Bd5 Nd4 {(D) [#]} 67. Kg6 $2 ({White blunders! Correct is} 67. Bc4 Bc3 68. Bd3 $11 {.}) 67... Bg5 68. Bc4 {(D) [#]} ({What else? If} 68. h6 Ne2 69. Kh7 Nf4 70. Be4 Nh3 71. Bh1 (71. Kg6 Kg8 $19) 71... Nf2 72. Bf3 Nd3 73. Be2 Ne5 74. Bh5 Nf7 $19 {, or}) (68. Be4 Kg8 $19 {.}) 68... Nf3 $2 ({And the favour is returned! Black could cash the point with some delicate manoeuvres:} 68... Bh4 $1 69. Bd5 Ne2 70. Bf3 Ng1 $1 71. Bd5 Bg5 72. Kh7 Ne2 73. Bf3 Ng3 74. Bg4 {(the bishop 'lost' the important a2-g8 diagonal)} Kf7 75. Kh8 Be3 76. Kh7 Bc5 77. Kh8 (77. Bd1 Nxf5 78. Bb3+ Ke7 79. Kg6 Nh4+ 80. Kg7 Bd4 $19) 77... Bf8 78. Kh7 Ne4 $19 {.}) 69. Kh7 {Back to business!} Ne5 70. Bb3 Ng4 71. Bc4 Ne3 72. Bd3 $1 ({But not} 72. Be6 $2 Bh4 73. Bd7 Nf1 74. Ba4 Ng3 75. Kg6 Kg8 $19 {. White must always keep in mind the notes after the 61st move and never fall into a zugzwang! Easier said than done!}) 72... Ng4 73. Bc4 Nh6 74. Kg6 {(D) [#] Black cannot make progress, so he decides to move with the king.} Ke7 75. Bb3 Kd6 76. Bc2 Ke5 77. Bd3 Kf4 78. Bc2 Ng4 79. Bb3 Ne3 80. h6 Bxh6 (80... Bxh6 {Draw agreed. White can draw with either} 81. Kxf6 {, or} (81. Kxh6 Nxf5+ 82. Kg6 Ke5 83. Bc2 {[%emt 3:12:44] . The game looked as another dull case in the start, but quickly moved to a classic one! And what an endgame surprise by the great Magnus!})) 1/2-1/2

[Event "World-ch Carlsen-Caruana"]
[Site "London"]
[Date "2018.11.19"]
[Round "8"]
[White "Caruana, Fabiano"]
[Black "Carlsen, Magnus"]
[Result "1/2-1/2"]
[WhiteElo "2832"]
[BlackElo "2835"]
[Annotator "So,Wesley"]
[PlyCount "75"]
[EventDate "2018.11.09"]
[EventType "match"]
[EventRounds "12"]
[EventCountry "GBR"]
[SourceTitle "CBM 187"]
[Source "ChessBase"]
[SourceDate "2018.12.11"]
[SourceVersion "1"]
[SourceVersionDate "2018.12.11"]
[SourceQuality "1"]

{Game 8 of the Carlsen-Caruana match. Many questions are in the air. Are we going to see the same Sicilian Rossolimo or will we finally see 1.e4 e5? Will they break the drawing streak and someone draw first blood?} 1. e4 {Fabiano sticks to his openings as you can see from his games so far. With White he plays 1.e4 and with Black he does not change his lines. This is not really surprising as this flow is recommended in many top matches. Plus, Leinier Dominguez being one of his assistants and a fan of this same system himself, I think it's safe to assume we will see 1.e4 whenever Fabiano is White here in London.} c5 {I can't help wondering though why Magnus sticks to the Sicilian in these games. Against Sergey Karjakin two years ago he only played 1...e5 and had absolutely no problems. I suppose it's a matter of fashion and personal preference. Before this Championship match the Sicilian was never really the main opening of Magnus even less so the Sveshnikov.} 2. Nf3 Nc6 3. d4 {Checking what Magnus had prepared against the Open Sicilian, I must say I am surprised that Fabiano avoided going for 3.Bb5. He must have run out of good ideas there.} cxd4 4. Nxd4 Nf6 5. Nc3 e5 {Now we see the long-awaited Sicilian Sveshnikov! This opening became very popular during the late 90s and early 2000s thanks to the effort of Kasparov, Kramnik and Leko. These days it has a rock solid reputation and is often employed as a barricade to any White attempts at an advantage. It is obvious Fabiano expected this and accordingly prepared a special idea. The Sveshnikov holds good memories for me as back in the days of my youth it was my one and only opening against 1.e4. One of my first ever chess books was by Mikhail Krasenkow published in 1996! I also had books by Yuri Yakovich and Dorian Rogozenco on this specific opening. It is always a pleasure for me to annotate a game on an opening that has good vibes for me.} 6. Ndb5 d6 7. Nd5 Nxd5 8. exd5 Nb8 {This is the main retreat, the knight will be transferred to the kingside via d7 later on. Even though I have not checked the most updated theory here recently, it is known that this is the most solid option for Black.} ({Retreating to e7 is possible} 8... Ne7 {where Black's plan next consists of Nf5 followed by ...g6-Bg7.}) 9. a4 {This is the first surprise. 9.c4 is the main move here. I wonder if Magnus' team preparation anticipated this. It is not clear yet if this idea poses any serious threat to the Sveshnikov. I am sure over the board it can be difficult to face.} ({The normal continuation for most games here is} 9. c4 Be7 10. Be2 O-O 11. O-O a6 12. Nc3 f5 {where we have a typical position. White has a grip on the queenside while Black has more space on the other flank. The position should be close to equal. I had this position in some of my games many years ago. One of them went} 13. f3 Nd7 14. Rb1 Bg5 15. b4 b6 16. a3 $14 {when White seems slightly better but the game ended in a draw later on. ½-½ (58) Wan,Y (2471)-So,W (2577) Manila 2008}) 9... Be7 10. Be2 O-O 11. O-O Nd7 (11... f5 12. Bd2 f4) 12. Bd2 {Quiet, refined and dangerous moves like this one are very much Caruana! Remember 9.Bd2 in the Ruy Lopez against Aronian in the Candidates? (Though to be fair Grischuk played it first.) Anyway my point is, there is more to this move than meets the eye.} f5 {This looks like a most natural response.} (12... Nf6 {Seems like a good move that requires further research. After} 13. Be3 a6 14. Na3 Qa5 $5 {A funny instance that could work.} 15. c4 Qd8 $5 {The idea is to blockade the queenside dark-squares with a5 and b6.} 16. Nc2 (16. b4 a5) 16... a5 17. Na3 b6 {Black has accomplished his strategy and the position now looks very interesting to me.}) 13. a5 a6 (13... f4 $5 14. Bb4 Nf6 15. c4 a6 16. Nc3 Bf5 17. f3) 14. Na3 e4 {I think Magnus is playing all the most logical moves here. He fixes the problem of needing more space for his pieces by securing the e5 post for his knight.} (14... f4 {is one of the suggestions I saw on the live book.} 15. Nc4 Rf6 {The idea is to attack on the kingside with Rh6 while keeping the b6 square protected for the moment.}) (14... Nf6 15. Bb4 Bd7 16. Nc4 Bb5 17. Nb6 Bxe2 18. Qxe2 Rb8 19. f4 $14) 15. Nc4 Ne5 16. Nb6 {Keeping the queenside in check. This protected knight is very annoying on b6 and it controls many squares. Now White can always grab the bishop pair if need be.} (16. Nxe5 dxe5 17. Bc4 Bd6 18. Re1 Bd7 19. Bf1) 16... Rb8 17. f4 exf3 18. Bxf3 g5 $6 {The best word to describe my thoughts when I first saw this move is "shocking"! This looks at first sight like utter desperation. With a powerful knight on b6 tying down Black's queenside and significantly more space, it looks like White's opportunities have a substantially higher chance to succeed.} ({It seems to me that much stronger is} 18... Bf6 19. c3 Nd7 {to get rid of the annoying White knight. The f6 bishop can then be posted on e5.} 20. Be3 Be5) ({Or Black can also start with} 18... Nd7) ({RR} 18... Bf6 19. c3 g5 20. Be2 f4 21. Nxc8 Qxc8 22. Kh1 b5 23. axb6 Rxb6 24. Qc2 Bg7 25. b3 Qb7 26. b4 Qxd5 27. Qa2 Qxa2 28. Rxa2 d5 29. Rxa6 Rxa6 30. Bxa6 Nc4 31. Rd1 Nxd2 32. Rxd2 Bxc3 33. Rxd5 {Svidler,P (2735)-Caruana,F (2819) Karlsruhe/Baden Baden 2019 ½-½ (40)}) 19. c4 {While watching this game live I thought Magnus was in deep danger here. His attack does not seem to be going anywhere. At the same time Black has to be careful not to weaken his king's position. And White's play on the queenside is definitely faster. We might finally see a decisive result today!} f4 ({RR} 19... Bf6 20. Bc3 g4 21. Be2 Bg7 22. Qd2 Qh4 23. g3 Qh5 24. Rae1 Bh6 25. Qd4 Bg7 26. Qf2 Rf7 27. c5 Bd7 28. cxd6 Rbf8 29. Bxe5 Bxe5 30. Nxd7 Rxd7 31. Bxg4 Qxg4 32. Rxe5 Rxd6 33. Qf4 Qg7 34. Rf2 {Casadio,N (2186)-Ezra,P (2362) Kaltern ITA 2025 1-0 (44)}) 20. Bc3 $146 ({Trading the light-squared bishops with} 20. Be4 {is a serious option too.} Bf5 21. Bxf5 Rxf5 22. Bc3 {White has a stable advantage.}) ({RR} 20. Be4 Bf5 21. Qc2 Bxe4 22. Qxe4 Qc7 23. Rac1 Rbe8 24. c5 dxc5 25. b4 Bd6 26. bxc5 Bxc5+ 27. Kh1 Qd6 28. Na4 Qh6 29. d6 Bxd6 30. Nc5 f3 31. g3 Qh3 32. Rf2 Ng4 33. Qd5+ Kh8 34. Rcf1 Bxg3 {Wu,H-Jiang,Q (2319) Liaocheng CHN 2024 0-1 (39)}) ({RR} 20. Be4 Bf5 21. Qc2 Bxe4 22. Qxe4 Qc7 23. Rac1 Rbe8 24. c5 dxc5 25. b4 Bd6 26. bxc5 Bxc5+ 27. Kh1 Qd6 28. Na4 Qh6 29. d6 Bxd6 30. Nc5 f3 31. g3 Qh3 32. Rf2 Ng4 33. Qd5+ Kh8 34. Rcf1 Bxg3 {Wu,H-Jiang,Q (2319) Liaocheng CHN 2024 0-1 (39)}) 20... Bf5 (20... Bf6 {is met by the same c5} 21. c5 $1 {it is incredible how powerful this pawn sacrifice can be.} dxc5 22. d6 Nxf3+ 23. gxf3 Bxc3 24. bxc3 Be6 25. Re1 $18 {when White is just totally winning. The knight on b6 and the pawn on d6 totally bind up Black's forces.}) 21. c5 $1 {Fabiano is playing accurately and powerfully. White wastes no time in mobilizing his forces at the cost of a pawn.} Nxf3+ (21... Bf6 22. c6 $16) 22. Qxf3 dxc5 23. Rad1 {This seems like a most natual move. What can be more instinctive than putting a rook behind a passed pawn? But here White had two great opportunities that would almost certainly lead to a win.} (23. g4 $1 {is an enormously powerful move. It kicks away Black's bishop from its ideal square on f5. After} Bg6 (23... fxg3 24. Qxg3 {leads to a winning attack. After} Bd6 {White has Be5, with irresistible threats.}) 24. Rad1 Bd6 (24... Bf6 25. d6 $18 {Once the d-pawn reaches d6, it is over.}) 25. Rfe1 {White is cruising to the win. Black cannot defend against the rook infiltration on e6. Nc4 is another huge threat.} c4 26. Re6 Qc7 27. Qh3 $18) (23. Rae1 Bf6 (23... Bd6 24. Nc4) 24. h4 {also looks absolutely dominating. After} h6 25. hxg5 hxg5 {We have the now familiar motif} 26. g4 {which just crushes Black's defences. Of course although in both cases the lines are totally winning for White, lets be fair. It's easy to see it with a coffee in one hand, a sandwich in the other, and an incredibly powerful computer analyzing lines right in front of you. Poor Carlsen and Caruana have to do all the calculating in their heads over a board.}) 23... Bd6 24. h3 $2 {I suppose Fabiano panicked a little in the face of the threat of g4. White can opt for more active possibilities at his disposal.} (24. Qh5 {looks like a natural move to me. If White is afraid of the g4 push then he can play this.} Qe8 (24... Bg6 {is met by} 25. Qh3 {Now} Bf5 {can be replied to by the typical} 26. g4 $1 {gaining time and dislodging the Black bishop.} Bg6 27. Rfe1 f3 28. Re6 {and now Rxg6 is a threat. It seems that once a White rook gets to e6 Black's defences fall apart.}) 25. Qxg5+ Qg6 26. Qxg6+ hxg6 27. Nc4 {White still maintains a clear advantage in the ending.}) (24. Nc4 {could be stronger still. Albeit the lines look a bit more like computer variations. It is probably too hard for a human to find them over the board.} g4 25. Qf2 f3 (25... g3 26. Qd2 Qh4 27. h3 $18) 26. Rfe1 fxg2 27. Qxg2 {Black's king turns out to be much more vulnerable than White's.}) 24... Qe8 $1 {Black more or less equalizes now and does not give White any second chance after his mistake.} 25. Nc4 Qg6 {Black manages to mobilize his forces very comfortably. Now he is ready to fight for control in the center and he is a pawn up. So Fabiano decides its time to trade pieces.} 26. Nxd6 (26. Rfe1 Rbe8) 26... Qxd6 27. h4 (27. Qh5 Qg6 28. Qxg6+ hxg6 {does not lead anywhere for White.} 29. d6 {could just be met by} Rbd8) 27... gxh4 28. Qxf4 Qxf4 29. Rxf4 h5 {The last accurate move. It secures the g4 square.} 30. Re1 (30. d6 Bg4 31. Rxf8+ Rxf8 32. Rd5 Rf5 $11) 30... Bg4 31. Rf6 Rxf6 32. Bxf6 Kf7 33. Bxh4 Re8 34. Rf1+ Kg8 35. Rf6 (35. d6 Re2 $11) 35... Re2 36. Rg6+ Kf8 37. d6 Rd2 38. Rg5 1/2-1/2